000 00454nam a2200109Ia 4500
008 220216s9999 xx 000 0 und d
100 _aJacob J
245 0 _aStatus of the latex-based rubber products manufacturing industry in India
260 _bNational Rubber Conference 2018: Technology Adoption and Market Expansion, 27-28 November 2018, All India Rubber Industries Association, Kolkata, India.
650 _aLatex based rubber products
942 _cBS
999 _c51291
_d51291